|
|
|
|
| LEADER |
00000naa2a2200000 4500 |
| 001 |
576827 |
| 005 |
20231101130342.0 |
| 035 |
|
|
|a (RuTPU)RU\TPU\prd\275974
|
| 035 |
|
|
|a RU\TPU\tpu\3975
|
| 090 |
|
|
|a 576827
|
| 100 |
|
|
|a 20180306a1963 k y0rusy50 ca
|
| 101 |
0 |
|
|a rus
|
| 102 |
|
|
|a RU
|
| 200 |
1 |
|
|a Максимальная мощность электростатических генераторов
|f А. Ф. Калганов, В. В. Пацевич
|
| 320 |
|
|
|a Библиогр.: 9 назв.
|
| 461 |
|
|
|0 (RuTPU)RU\TPU\prd\195
|t Известия вузов. Электромеханика
|d 1958-
|
| 463 |
|
|
|0 (RuTPU)RU\TPU\prd\47912
|t № 8
|v С. 917-921
|d 1963
|
| 610 |
1 |
|
|a труды учёных ТПУ
|
| 700 |
|
1 |
|a Калганов
|b А. Ф.
|
| 701 |
|
1 |
|a Пацевич
|b В. В.
|c российский ученый
|c профессор кафедры теоретических основ электротехники Томского политехнического университета
|f 1936-2005
|g Василий Викторович
|2 stltpush
|3 (RuTPU)RU\TPU\pers\19852
|
| 801 |
|
0 |
|a RU
|b 63413507
|c 20011210
|g PSBO
|
| 801 |
|
2 |
|a RU
|b 63413507
|c 20180306
|g PSBO
|
| 942 |
|
|
|c BK
|